|
|
|
|
| LEADER |
00000nkm a2200000 a 4500 |
| 001 |
vtls011901530 |
| 003 |
SK-MaSNL |
| 005 |
20260512124259.0 |
| 007 |
kp bo |
| 008 |
230706q1908 xo g kuhun |
| 015 |
|
|
|a SNBG1908
|
| 035 |
|
|
|a urn:nbn:sk:snk-km00e9kf
|
| 035 |
|
|
|a urn:nbn:sk:snk-km43hls
|
| 035 |
|
|
|a B749AC55-2A75-478D-B3AD-2C1C1423E0B0
|
| 040 |
|
|
|a SNK
|b slo
|c SNK
|e AACR2
|
| 041 |
0 |
|
|a hun
|
| 043 |
|
|
|a e-xo---
|
| 044 |
|
|
|a xo
|c SK
|
| 072 |
|
7 |
|a 913
|x Regionálna geografia
|2 konspekt
|
| 080 |
|
|
|a 913(437.6)
|2 2011
|
| 080 |
|
|
|a 334.716
|2 2011
|
| 080 |
|
|
|a 711.73
|2 2011
|
| 080 |
|
|
|a 94(084.121)
|2 2011
|
| 245 |
0 |
0 |
|a Érsekújvár
|h grafika
|b Suck-féle bőrgyár
|
| 260 |
|
|
|a Érsekújvár
|b Conlegner J. és fia
|c [1908?]
|e [Budapest]
|f Divald Károly
|
| 300 |
|
|
|a 1 pohľadnica
|b čiernobiela
|c 9 x 14 cm
|
| 500 |
|
|
|a Názvové údaje prevzaté z obrazovej časti pohľadnice
|
| 520 |
8 |
|
|a Zobrazenie: Pohľad na ulicu v popredí po celej šírke záberu. Pozdĺž nej je v pozachí chodník, na ktorom stoja vľavo traja muži, pravo sú ešte dve osoby. Pozdĺž chodníka je drevený latkový plot, za ním vidno vpravo vykúkať dve ženy v bielych ručníkoch na hlavách. Za oplotením vidno vysoké listnaté stromy, vľavo v pozadí sú poschodové budovy Suckovej koženej továrne. Vpravo spoza budov vyčnieva vysoký priemyselný komín
|
| 650 |
0 |
7 |
|a priemyselné podniky
|2 SNKPH
|9 2346
|
| 650 |
0 |
7 |
|a ulice
|2 SNKPH
|9 2938
|
| 651 |
|
7 |
|a Nové Zámky (Slovensko)
|2 SNKPHgeo
|9 15884
|
| 655 |
|
7 |
|a miestne pohľadnice
|2 SNKPH
|9 70510
|
| 655 |
|
7 |
|a historické pohľadnice
|2 SNKPH
|9 159703
|
| 752 |
|
|
|a Slovensko
|d Nové Zámky
|
| 852 |
|
|
|a Slovenská národná knižnica
|
| 958 |
|
|
|a GBN
|
| 958 |
|
|
|a GC
|
| 958 |
|
|
|a ONDV
|
| 999 |
|
|
|c 863949
|d 865879
|
| 952 |
|
|
|a SNK
|b SNK
|y PREZ
|7 0
|p 17A1382271
|o snkSP 125446
|z Pohľadnica prešla poštou.
|0 0
|1 0
|4 0
|d 2019-11-19
|f 1
|l 0
|r 2026-02-24 05:21:41
|w 2026-02-24
|